Termini of the main bristol city bus routes Quiz Stats

Quiz not verified by Sporcle

Also try: 'R' Blitz
Challenge
Share
Tweet
Embed
Score 0/54 Timer 02:00
0 Plays Today
route number terminus name % Correct
1Cribbs Causeway
87%
40Cribbs Causeway
87%
54Cribbs Causeway
87%
73Cribbs Causeway
87%
75Cribbs Causeway
87%
20 (Full route)Southmead
73.9%
4Centre
69.6%
5Centre
69.6%
6 (Inner leg)Centre
69.6%
6 (Full route)Centre
69.6%
7Centre
69.6%
42Centre
69.6%
43Centre
69.6%
44Centre
69.6%
45Centre
69.6%
48Centre
69.6%
49Centre
69.6%
51Centre
69.6%
70Centre
69.6%
73Centre
69.6%
6 (Inner leg)Kingswood
69.6%
8Temple Meads
56.5%
9Temple Meads
56.5%
20 (Southern leg)Hengrove Depot
56.5%
20 (Full route)Hengrove Depot
56.5%
24Ashton Vale
56.5%
25Ashton Vale
56.5%
route number terminus name % Correct
51Hengrove Depot
56.5%
75Hengrove Depot
56.5%
76Hengrove Depot
56.5%
76AHartcliffe
56.5%
90Hengrove Depot
56.5%
1Broomhill
47.8%
4Downend
47.8%
5Downend
47.8%
7Staple Hill
43.5%
20 (Southern leg)Broadmead
43.5%
41Avonmouth
43.5%
54Stockwood
43.5%
90Broadmead
43.5%
43Cadbury Heath
39.1%
44Cadbury Heath
39.1%
45Cadbury Heath
39.1%
76Henbury
39.1%
76AHenbury
39.1%
40Old Market
34.8%
41Old Market
34.8%
25Horfield Common
30.4%
70U.W.E. Frenchay Campus
30.4%
24Horfield Common
30.4%
48Emersons Green
26.1%
49Emersons Green
26.1%
42Bitton
17.4%
6 (Full route)Longwell Green
13%

You're not logged in!

Compare scores with friends on all Sporcle quizzes.
Sign Up with Email
OR
Log In

You Might Also Like...

Show Comments

Extras

Top Quizzes Today


Score Distribution

Your Account Isn't Verified!

In order to create a playlist on Sporcle, you need to verify the email address you used during registration. Go to your Sporcle Settings to finish the process.